Water resources systems management tools /

Bibliographic Details
Main Author: Mays, Larry W.
Format: Book
Language:English
Published: New York : McGraw-Hill, [2005]
Series:McGraw-Hill professional engineering. Civil engineering.
Subjects:

MARC

Tag First Indicator Second Indicator Subfields
LEADER 00000cam a22000004a 4500
001 in00002024964
005 20151031180711.0
008 040922s2005 nyuab b 001 0beng
010 |a  2004059268 
020 |a 0071443819 (acid-free paper) 
035 |a (OCoLC)ocm56671810 
040 |a DLC  |c DLC  |d UtOrBLW 
042 |a pcc 
049 |a TXAM 
050 0 0 |a TD345  |b .M32 2005 
082 0 0 |a 628.1  |2 22 
100 1 |a Mays, Larry W. 
245 1 0 |a Water resources systems management tools /  |c Larry W. Mays. 
264 1 |a New York :  |b McGraw-Hill,  |c [2005] 
264 4 |c ©2005 
300 |a 1 volume (various pagings) :  |b illustrations, maps ;  |c 25 cm. 
336 |a text  |b txt  |2 rdacontent 
337 |a unmediated  |b n  |2 rdamedia 
338 |a volume  |b nc  |2 rdacarrier 
490 1 |a McGraw-Hill professional engineering. Civil engineering 
504 |a Includes bibliographical references and index. 
650 0 |a Water-supply  |x Management. 
650 0 |a System analysis. 
830 0 |a McGraw-Hill professional engineering.  |p Civil engineering. 
945 |i PromptCat 
948 |a cataloged  |b cmulkey  |c 2005/2/16  |d 9:20:09 am 
994 |a 92  |b TXA 
944 |a stk  |h FREQ_RECALL<wvanduin>  |m Added copy on order 
999 |a MARS 
999 f f |s 07bb0e71-0281-3e20-b8fa-913bfaa9665c  |i 5a09ba27-dfb2-328c-817c-828b76f2650d  |t 0 
952 f f |p normal  |a Texas A&M University  |b College Station  |c Sterling C. Evans Library  |d Evans: Library Stacks  |t 0  |e TD345 .M32 2005  |h Library of Congress classification  |i unmediated -- volume  |m A14832290303 
952 f f |p ric  |a Texas A&M University  |b Rellis Campus  |c Joint Library Facility  |d Remote Storage  |t 0  |e TD345 .M32 2005  |h Library of Congress classification  |i unmediated -- volume  |m A14835807997 
998 f f |a TD345 .M32 2005  |t 0  |l Evans: Library Stacks 
998 f f |a TD345 .M32 2005  |t 0  |l Remote Storage